Statistics for Saoirse Ronan Filmography

Click here to take the quiz!

General Stats

  • This quiz has been taken 91 times
    (21 since last reset)
  • The average score is 11 of 44

Answer Stats

TypeYearName% Correct
Film2019Little Women
90%
Film2017Lady Bird
85%
Film2015Brooklyn
65%
Film2014The Grand Budapest Hotel
55%
Film2009The Lovely Bones
55%
Film2011Hanna
45%
Film2021The French Dispatch
45%
Film2022See How They Run
40%
FilmTBAFoe
35%
Music Video2017Galway Girl
35%
Film2018Mary Queen of Scots
35%
TV Show2017Saturday Night Live
35%
Film2020Ammonite
30%
Film2007Atonement
30%
Film2013The Host
30%
Theater2021The Tragedy of Macbeth
25%
Film2010Arrietty
20%
TV Show2014Robot Chicken
20%
Theater2016The Crucible
20%
Film2011Violet & Daisy
20%
Film2012Byzantium
15%
Music Video2016Cherry Wine
15%
Film2007Death Defying Acts
15%
Short Film2017Great Performers: Horror Show
15%
Film2013How I Live Now
15%
Film2007I Could Never Be Your Woman
15%
Film2013Justin and the Knights of Valour
15%
Film2014Lost River
15%
Film2017Loving Vincent
15%
Film2014Muppets Most Wanted
15%
Film2017On Chesil Beach
15%
TV Show2005Proof
15%
Film2015Stockholm, Pennsylvania
15%
Film2007The Christmas Miracle of Jonathan Toomey
15%
TV Show2003-2004The Clinic
15%
Film2018The Seagull
15%
Film2010The Way Back
15%
Film2015Weepah Way for Now
15%
FilmTBABlitz
10%
Commercial2018Calvin Klein
10%
Film2008City of Emer
10%
Web Series2008Fred
10%
Music Video2013Garden's Heart
10%
FilmTBAThe Outrun
10%

Score Distribution

Percentile by Number Answered

Percent of People with Each Score

Your Score History

You have not taken this quiz since the last reset